000 00427nam a2200133Ia 4500
008 151001s9999||||xx |||||||||||||| ||und||
100 _aकिशोर श्रीकृष्ण आरोसकर
245 _aशापित सूर्यपुत्र
250 _a1
260 _bआरोसकर बंधू नाट्य प्रकाशन
260 _c2004
300 _a71
365 _b18
999 _c982929
_d982926